000 01611nam0a2200313 i 4500
001 RU\NLR\bibl\2040115
005 20260601080528.0
021 _aRU
_b2013-37435
_92565
035 _a(NLR Aleph) 002027428
090 _a4533949
_c4533949
100 _a20130605d2012 u y0rusy50 ca
101 0 _arus
_aeng
102 _aRU
105 _aa |||||||||
200 1 _aАнглийский язык для специальных целей. Fundamentals of Aeronautics
_eучебно-методическое пособие по английскому языку для студентов ФЛА
_fМ-во образования и науки Рос. Федерации, Новосиб. гос. техн. ун-т
_g[сост.: преп. Кудинова Ю.С. и др.]
210 _aНовосибирск
_cНовосибирский государственный технический университет
_d2012
215 _a167,[1] с.
_cил.
_d21
320 _aБиблиогр.: с. 167-168 (27 назв.)
517 0 _aFundamentals of Aeronautics
_zeng
606 1 _aАнглийский язык
_xУчебные издания для авиационных специальностей
_92442694
_3RU\NLR\AUTH\661453036
686 1 _aШ143.21-93рус328.76
702 1 _aКудинова
_bЮ. С.
_4220
712 0 2 _4570
_aНовосибирский государственный технический университет
_9286502
_3RU\NLR\AUTH\887219
801 0 _aRU
_bNLR
_c20130605
_gRCR
801 1 _aRU
_bNLR
_c20130605
942 _cBOOK
980 _aNBR